Astronomía Físca, mecánica estelar y espectro-fotográfico / (Record no. 62670)

MARC details
000 -LEADER
campo de control de longitud fija 00597nam a2200181 i 4500
001 - NÚMERO DE CONTROL
campo de control 62670
003 - IDENTIFICADOR DE NÚMERO DE CONTROL
campo de control ES-MaACL
005 - FECHA Y HORA DE LA ÚLTIMA TRANSACCIÓN
campo de control 20250625063145.0
007 - CAMPO FIJO DE DESCRIPCIÓN FÍSICA--INFORMACIÓN GENERAL
campo de control de longitud fija t|
008 - DATOS DE LONGITUD FIJA--INFORMACIÓN GENERAL
campo de control de longitud fija 031124s1903 sp ||||1| spa d
100 1# - ENTRADA PRINCIPAL--NOMBRE DE PERSONA
Nombre de persona Fernández Ascarza, Victoriano,
Fechas asociadas al nombre 1870-1934
9 (RLIN) 49486
245 10 - MENCIÓN DEL TÍTULO
Título Astronomía Físca, mecánica estelar y espectro-fotográfico /
Mención de responsabilidad, etc. Victoriano Fernández Ascarza.
260 ## - PUBLICACIÓN, DISTRIBUCIÓN, ETC.
Lugar de publicación, distribución, etc. Madrid :
Nombre del editor, distribuidor, etc. [s.n.],
Fecha de publicación, distribución, etc. 1903 (
Fabricante Vda. e Hijos de M. Tello)
300 ## - DESCRIPCIÓN FÍSICA
Extensión VI, 112 p. :
Otras características físicas il. ;
Dimensiones 20 cm.
502 ## - NOTA DE TESIS
Nota de tesis Tesis Doctoral.
852 ## - LOCALIZACIÓN
Ubicación ES-MaACL
Número de control de estantería T-1044-F-3
Holdings
Estatus retirado Estado de pérdida Estado de daño No para préstamo Colección Biblioteca de origen Biblioteca actual Ubicación en estantería Fecha de adquisición Fuente de adquisición Total de préstamos Signatura topográfica completa Código de barras Visto por última vez Precio de reemplazo Tipo de ítem Koha
        Colección de folletos Biblioteca del Ateneo de Madrid Biblioteca del Ateneo de Madrid Depósito folletos 17/01/2008     T-1044-F-3 1065701 23/02/2023 23/02/2023 Folleto